| 000 | 00918 a2200265 4500 | ||
|---|---|---|---|
| 003 | OSt | ||
| 005 | 20180116192338.0 | ||
| 008 | 120517t xxu||||| |||| 00| 0 eng d | ||
| 010 | _a 00273614 | ||
| 020 | _a1875498893 | ||
| 035 | _a000013803044 | ||
| 040 | _c0 | ||
| 082 | _a720.951 | ||
| 100 | 1 |
_aChʻen, Shih-min, _91635 |
|
| 245 | 1 | 0 |
_aChen Shi Min : _bselected and current works / _cChen Shi Min. |
| 260 |
_aMulgrave, Vic. : _bImages Pub. Group, _c1998. |
||
| 300 |
_a256 p. : _bill. (some col.) ; _c31 cm. |
||
| 440 | 4 |
_aThe Master architect series III, _91636 |
|
| 500 | _aIncludes bibliographical refrences and index | ||
| 600 | 1 | 0 |
_aChʻen, Shih-min, _d1935- _xThemes, motives. _91637 |
| 650 | 0 |
_aArchitecture, Chinese. _91638 |
|
| 650 | 0 |
_aArchitecture _zChina _xHistory _y20th century. _91639 |
|
| 942 |
_aSADA _cBK _k720.951 CHE 1998 _2ddc |
||
| 999 |
_c352542 _d352542 |
||